| 000 | 00472nam a2200157Ia 4500 | ||
|---|---|---|---|
| 008 | 140609s9999 xx 000 0 und d | ||
| 020 | _a9789712726477 | ||
| 050 |
_aPL 5539.O54 _b.Or12 2012 |
||
| 100 | _aOrdoñez Elmer A. | ||
| 245 |
_aSitting in the moonlight and other stories / _cElmer A. Ordoñez, |
||
| 260 |
_aManila, Philippines : _bAnvil Publishing Inc., _cc2012. |
||
| 300 |
_a110 p. : _bill. ; _c21 cm. |
||
| 521 | _aGE | ||
| 942 |
_kLOC _cBK |
||
| 999 |
_c118117 _d118117 |
||